<?xml version="1.0" encoding="UTF-8"?>
<record
    xmlns:xsi="http://www.w3.org/2001/XMLSchema-instance"
    xsi:schemaLocation="http://www.loc.gov/MARC21/slim http://www.loc.gov/standards/marcxml/schema/MARC21slim.xsd"
    xmlns="http://www.loc.gov/MARC21/slim">

  <leader>00923cam a2200265 a 4500</leader>
  <datafield tag="999" ind1=" " ind2=" ">
    <subfield code="c">7996</subfield>
    <subfield code="d">7996</subfield>
  </datafield>
  <controlfield tag="001">991044059859706706</controlfield>
  <controlfield tag="003">OSt</controlfield>
  <controlfield tag="005">20241218113914.0</controlfield>
  <controlfield tag="008">120621s2012    xxua|||  b||| 001 0 eng|c</controlfield>
  <datafield tag="020" ind1=" " ind2=" ">
    <subfield code="a">9781118077559</subfield>
  </datafield>
  <datafield tag="035" ind1=" " ind2=" ">
    <subfield code="a">(ES-BaCBU).b52894897</subfield>
  </datafield>
  <datafield tag="035" ind1=" " ind2=" ">
    <subfield code="a">(OCoLC)1120323937</subfield>
  </datafield>
  <datafield tag="040" ind1=" " ind2=" ">
    <subfield code="a">ES-BaCBU</subfield>
    <subfield code="b">cat</subfield>
    <subfield code="c">CDMR</subfield>
  </datafield>
  <datafield tag="100" ind1="1" ind2=" ">
    <subfield code="a">Solis, Brian</subfield>
  </datafield>
  <datafield tag="245" ind1="1" ind2="4">
    <subfield code="a">The End of business as usual :</subfield>
    <subfield code="b">rewire the way you work to succeed in the consumer revolution /</subfield>
    <subfield code="c">Brian Solis</subfield>
  </datafield>
  <datafield tag="260" ind1=" " ind2=" ">
    <subfield code="a">Hoboken, N.J. :</subfield>
    <subfield code="b">John Wiley &amp; Sons,</subfield>
    <subfield code="c">cop. 2012</subfield>
  </datafield>
  <datafield tag="300" ind1=" " ind2=" ">
    <subfield code="a">xvi, 304 p. :</subfield>
    <subfield code="b">il. ;</subfield>
    <subfield code="c">24 cm</subfield>
  </datafield>
  <datafield tag="500" ind1=" " ind2=" ">
    <subfield code="a">Bibliografia p. 284-293. &#xCD;ndex</subfield>
  </datafield>
  <datafield tag="650" ind1="0" ind2="4">
    <subfield code="a">Empreses</subfield>
    <subfield code="x">Direcci&#xF3; i administraci&#xF3;</subfield>
    <subfield code="x">Innovacions tecnol&#xF2;giques</subfield>
  </datafield>
  <datafield tag="650" ind1="0" ind2="7">
    <subfield code="a">Tecnologia de la informaci&#xF3;</subfield>
    <subfield code="x">Gesti&#xF3;</subfield>
    <subfield code="2">lemac</subfield>
  </datafield>
  <datafield tag="907" ind1=" " ind2=" ">
    <subfield code="a">.b52894897</subfield>
    <subfield code="b">05-03-20</subfield>
    <subfield code="c">21-06-12</subfield>
    <subfield code="d">21-06-12</subfield>
    <subfield code="e">m</subfield>
    <subfield code="f">a</subfield>
    <subfield code="g">-</subfield>
    <subfield code="h">eng</subfield>
    <subfield code="i">xxu</subfield>
    <subfield code="j">0</subfield>
    <subfield code="k">0</subfield>
  </datafield>
  <datafield tag="908" ind1=" " ind2=" ">
    <subfield code="a">UAB</subfield>
  </datafield>
  <datafield tag="940" ind1=" " ind2=" ">
    <subfield code="a">CVA5</subfield>
    <subfield code="d">UAB</subfield>
  </datafield>
  <datafield tag="942" ind1=" " ind2=" ">
    <subfield code="2">udc</subfield>
    <subfield code="c">MON</subfield>
  </datafield>
  <datafield tag="952" ind1=" " ind2=" ">
    <subfield code="0">0</subfield>
    <subfield code="1">0</subfield>
    <subfield code="4">0</subfield>
    <subfield code="7">0</subfield>
    <subfield code="a">CDMR</subfield>
    <subfield code="b">CDMR</subfield>
    <subfield code="d">2024-12-18</subfield>
    <subfield code="e">Donaci&#xF3;</subfield>
    <subfield code="g">28.00</subfield>
    <subfield code="l">0</subfield>
    <subfield code="o">Cq /45</subfield>
    <subfield code="p">CDMR22040011</subfield>
    <subfield code="r">2024-12-18</subfield>
    <subfield code="w">2024-12-18</subfield>
    <subfield code="y">MON</subfield>
  </datafield>
</record>
